[Event "Nassau CC-ch"]
[Site "Mineola"]
[Date "2006.11.13"]
[Round "5"]
[White "Chipkin, Leonard B"]
[Black "Billinghurst, Ricardo Perez"]
[Result "0-1"]
[WhiteElo "2051"]
[BlackElo "2084"]
[PlyCount "138"]
[EventDate "2006.10.16"]
[EventType "swiss"]
[EventRounds "10"]
[EventCountry "USA"]
[SourceTitle "EXT 2008"]
[Source "ChessBase"]
[SourceDate "2007.11.25"]
[SourceVersion "1"]
[SourceVersionDate "2007.11.25"]
[SourceQuality "1"]

1. d4 Nf6 2. e3 g6 3. Nf3 Bg7 4. Be2 0-0 5. 0-0 b6 6. c4 c5 7. Nc3 cxd4 8. exd4 Bb7 9. h3 d5 10. Ne5 dxc4 11. Bxc4 Nc6 12. Be3 Rc8 13. Be2 Nb4 14. Ng4 Nxg4 15. Bxg4 e6 16. Bf3 Nd5 17. Qd2 Nxc3 18. Bxb7 Rc7 19. Bf3 Nd5 20. Bg5 Qd7 21. Be3 Rd8 22. Rac1 Rdc8 23. Rxc7 Rxc7 24. Rc1 Rxc1+ 25. Qxc1 Ne7 26. Qc4 Nd5 27. Bd2 Bf8 28. a3 Bg7 29. Bd1 Ne7 30. Bc3 Nf5 31. Ba4 Qd8 32. Qa6 Nxd4 33. Kh1 Qb8 34. Qc4 Nf5 35. Bxg7 Nxg7 36. Qd4 Qc8 37. Kh2 Nf5 38. Qe5 Qd8 39. g3 Qd6 40. Qc3 Ne7 41. Bb3 Nc6 42. Ba4 Ne7 43. Bb3 Nd5 44. Qd2 Qe5 45. Kg2 Qe4+ 46. Kh2 Kg7 47. Bc2 Qe5 48. Bd1 Nf6 49. Bf3 Qc5 50. Kg2 e5 51. Kh2 Ne8 52. h4 Qd4 53. Qe2 Nf6 54. Kg1 h5 55. Bg2 Ng4 56. Bh3 Nf6 57. Bc8 Qc5 58. Bh3 a5 59. Kg2 Qd4 60. b4 axb4 61. axb4 Ne4 62. b5 Nc3 63. Qf3 Nxb5 64. g4 hxg4 65. Bxg4 Nd6 66. Qh3 Ne4 67. Qf3 Nf6 68. Bh3 Qxh4 69. Qe3 Qe4+ 0-1